000
00256nam a22001097a 4500
082
_a
297.55 HIJ'P
100
_a
HIJAZI, NASIM
_9
1010
245
_a
PAKISTAN SAY DIYAR-E-HARAM TAK
260
_a
LAHORE
_b
QUMI KATAB HOUSE
_c
1980
300
_a
167P
942
_c
BK
999
_c
581473
_d
581473